[Event "45th FIDE Chess Olympiad Open"]
[Site "Budapest, Hungary"]
[Date "2024.09.13"]
[Round "3.205"]
[White "Chinchilla, Alejandro Jose"]
[Black "Duran Vega, Sergio"]
[Result "0-1"]
[WhiteElo "2113"]
[BlackElo "2308"]
[PlyCount "128"]
[EventDate "2024.??.??"]
[WhiteTeam "Honduras"]
[BlackTeam "Costa Rica"]
[WhiteTeamCountry "HON"]
[BlackTeamCountry "CRI"]
[WhiteClock "0:00:54"]
[BlackClock "0:11:48"]

1. e4 e5 2. Nf3 Nf6 3. d4 Nxe4 4. Bd3 d5 5. Nxe5 Bd6 6. Nc3 Nxc3 7. bxc3 Nd7 8. O-O O-O 9. Nxd7 Bxd7 10. Qh5 f5 11. Bg5 Qe8 12. Qf3 Qg6 13. Bf4 Bxf4 14. Qxf4 Qd6 15. Qxd6 cxd6 16. c4 $146 ({RR} 16. Rab1 b6 17. Rfe1 Kf7 18. Kf1 Rfe8 19. Bb5 Rxe1+ 20. Kxe1 Bxb5 21. Rxb5 Ke6 22. Kd2 Rc8 23. Kd3 {½-½ (23) Kovanova,B (2301)-Voit,D (2345) Barnaul RUS 2024}) 16... Be6 17. cxd5 Bxd5 18. c4 Bf7 19. Rfb1 Rab8 20. f4 Rfc8 21. Rb4 a5 22. Ra4 b6 23. Rb1 g6 24. d5 Be8 25. Ra3 a4 26. Bf1 Bd7 27. Re3 Re8 28. Kf2 Kf7 29. Rxe8 Kxe8 30. h4 Kd8 31. h5 Kc7 32. hxg6 hxg6 33. a3 Re8 34. Bd3 Rh8 35. Re1 Rh7 36. Re3 Rh4 37. Rf3 b5 38. Ke3 bxc4 39. Bxc4 Kb6 40. Kd4 g5 41. Be2 Bb5 42. Bxb5 Kxb5 43. g3 Rg4 44. Rf1 Rxg3 45. fxg5 Rg4+ 46. Ke3 Rxg5 47. Kf4 Rh5 48. Rc1 Rh4+ 49. Kxf5 Rc4 50. Rd1 Kc5 51. Ke6 Re4+ 52. Kd7 Re3 53. Kc7 Rxa3 54. Rc1+ Kxd5 55. Rd1+ Kc5 56. Rxd6 Rh3 57. Rc6+ Kb5 58. Rb6+ Ka5 59. Rb1 Rh6 60. Ra1 Kb4 61. Rb1+ Kc3 62. Ra1 Kb3 63. Rg1 Rh2 64. Kb6 a3 0-1

[Event "45th FIDE Chess Olympiad Open"]
[Site "Budapest, Hungary"]
[Date "2024.09.13"]
[Round "3.206"]
[White "Valdes Romero, Leonardo"]
[Black "Colindres, Daniel"]
[Result "1-0"]
[WhiteElo "2347"]
[BlackElo "2079"]
[PlyCount "105"]
[EventDate "2024.??.??"]
[WhiteTeam "Costa Rica"]
[BlackTeam "Honduras"]
[WhiteTeamCountry "CRI"]
[BlackTeamCountry "HON"]
[WhiteClock "0:24:36"]
[BlackClock "0:27:26"]

1. Nf3 g6 2. c4 Bg7 3. Nc3 Nc6 4. g3 d6 5. Bg2 e5 6. d3 f5 7. O-O Nf6 8. Rb1 O-O 9. b4 Nh5 10. b5 Ne7 11. Qb3 h6 12. c5+ Kh7 13. cxd6 cxd6 14. Ba3 Rf6 15. Nd2 a5 $146 ({RR} 15... Re6 16. Bxb7 Rb8 17. Bxc8 Qxc8 18. Rfc1 Qd7 19. Nd5 Nxd5 20. Qxd5 Rd8 21. Qc6 Qf7 22. b6 axb6 23. Rxb6 Rf6 24. Qc4 d5 25. Rxf6 Nxf6 26. Qc7 Rd7 27. Qc5 e4 28. d4 g5 29. e3 f4 30. exf4 {Szenetra,W (2265)-Mahdy,K (2425) Velden 1995 0-1 (36)}) 16. Rfc1 Be6 17. Qa4 Rb8 18. Nc4 Bxc4 19. dxc4 b6 20. Rd1 e4 21. e3 Re6 22. Ne2 Qc7 23. Rbc1 g5 24. Nd4 Bxd4 25. Rxd4 g4 26. Qd1 Nc8 27. c5 bxc5 28. Bxc5 Qe7 29. Ba3 Nf6 30. b6 Ne8 31. Rd5 Kg6 32. Rxa5 Nxb6 33. Rb5 Nd7 34. Rxb8 Nxb8 35. Qb3 Nd7 36. Rb1 Nef6 37. Qb7 Qd8 38. Qa7 Qc8 39. Rc1 Qb8 40. Qxb8 Nxb8 41. Rd1 d5 42. Bb2 Nbd7 43. Bf1 Rb6 44. Bd4 Rb4 45. a3 Rb3 46. Ra1 Nb6 47. a4 Nfd7 48. Bb5 Kf7 49. Bxd7 Nxd7 50. a5 Rb8 51. a6 Ke7 52. a7 Ra8 53. Ra6 1-0

[Event "45th FIDE Chess Olympiad Open"]
[Site "Budapest, Hungary"]
[Date "2024.09.13"]
[Round "3.207"]
[White "Gavarrete, Joel"]
[Black "Jimenez Garcia, Emmanuel"]
[Result "0-1"]
[WhiteElo "2059"]
[BlackElo "2352"]
[PlyCount "82"]
[EventDate "2024.??.??"]
[WhiteTeam "Honduras"]
[BlackTeam "Costa Rica"]
[WhiteTeamCountry "HON"]
[BlackTeamCountry "CRI"]
[WhiteClock "0:06:13"]
[BlackClock "0:43:45"]

1. Nf3 g6 2. c4 Bg7 3. Nc3 c5 4. g3 Nc6 5. Bg2 d6 6. O-O Bf5 7. d3 Qd7 8. a3 Bh3 9. Rb1 h5 10. Bxh3 Qxh3 11. Ng5 Qd7 12. h4 Nh6 13. Kg2 Nf5 14. e4 $146 ({RR} 14. Bd2 O-O 15. b4 b6 16. Nf3 Ncd4 17. Nxd4 cxd4 18. Ne4 Rac8 19. Qb3 Be5 20. b5 e6 21. Ng5 Qb7+ 22. Nf3 Bg7 23. Kg1 Rfe8 24. Rfe1 Bf6 25. Bg5 Bg7 26. Bd2 Rc7 27. a4 Rec8 28. Rbc1 Bf6 {Labussiere,Y (2182)-Pinheiro,I (2274) Recife BRA 2023 0-1 (59)}) 14... Nfd4 15. Ne2 Nxe2 16. Qxe2 b5 17. Nf3 Rb8 18. Be3 bxc4 19. dxc4 Rb3 20. Qc2 Qb7 21. Nd2 Rxb2 22. Rxb2 Qxb2 23. Qa4 Qb7 24. Rb1 Qc8 25. Qb5 O-O 26. Qb7 Qxb7 27. Rxb7 Rc8 28. f4 Bc3 29. Nf3 Ba5 30. e5 Rb8 31. Rxb8+ Nxb8 32. exd6 exd6 33. Kf2 f6 34. Bd2 Bxd2 35. Nxd2 Kf7 36. Nf1 Nc6 37. Ke2 Ke6 38. Ne3 Nd4+ 39. Kd3 Nf5 40. Nf1 d5 41. cxd5+ Kxd5 0-1

[Event "45th FIDE Chess Olympiad Open"]
[Site "Budapest, Hungary"]
[Date "2024.09.13"]
[Round "3.208"]
[White "Cabezas Solano, David Alejandro"]
[Black "Zuniga Garcia, German"]
[Result "1-0"]
[WhiteElo "2248"]
[BlackElo "1877"]
[PlyCount "47"]
[EventDate "2024.??.??"]
[WhiteTeam "Costa Rica"]
[BlackTeam "Honduras"]
[WhiteTeamCountry "CRI"]
[BlackTeamCountry "HON"]
[WhiteClock "0:36:47"]
[BlackClock "0:03:35"]

1. Nf3 g6 2. g3 Bg7 3. c4 c5 4. Bg2 Nc6 5. O-O Nf6 6. Nc3 O-O 7. d4 cxd4 8. Nxd4 Qb6 9. Nc2 d6 10. b3 a5 ({RR} 10... Nb4 11. Be3 Qa5 12. Nxb4 Qxb4 13. Nb5 Qa5 14. Qe1 Qxe1 15. Raxe1 Bd7 16. Nxa7 Rfb8 17. a4 Bf5 18. Nb5 Ne8 19. Bd4 e5 20. Bb6 Bd7 21. Rd1 Bf8 22. Nc7 Ra6 23. Nxa6 bxa6 24. a5 Be6 25. Rd2 {Arizmendi Martinez,J (2524)-Khamrakulov,I (2597) Ceuta 2008 1-0 (48)}) ({RR} 10... Nd7 11. Bb2 Qa5 12. Qd2 a6 13. Rfd1 Nb4 14. Nxb4 Qxb4 15. Nd5 Qxd2 16. Nxe7+ Kh8 17. Rxd2 Bxb2 18. Rxb2 Re8 19. Nxc8 Raxc8 20. Bxb7 Rc7 21. Bxa6 Nc5 22. Bb5 Re6 23. b4 Nb7 24. Ba6 Rce7 25. Bxb7 {Aalto,P (2286)-Schirmbeck,L (1790) chess.com INT 2024 1-0 (35)}) ({RR} 10... Re8 11. Bb2 Bd7 12. Ne3 Qd8 13. Qd2 Rc8 14. h3 b6 15. Rad1 Ne5 16. f4 Nc6 17. g4 Nb8 18. Nc2 Bc6 19. e4 Nbd7 20. e5 Bxg2 21. Qxg2 dxe5 22. fxe5 Nxg4 23. Qxg4 e6 24. Ne4 Bxe5 25. Bxe5 {Cabezas Solano,D (2084)-Leal Licon,D (1705) San Salvador 2022 1-0}) 11. h3 $146 ({RR} 11. Na4 Qd8 12. Be3 Ra6 13. h3 Bf5 14. Nd4 Nxd4 15. Bxd4 Qd7 16. g4 Be6 17. Qd3 Qc7 18. Rac1 Bd7 19. Nc3 Bc6 20. e4 Qd7 21. Rfd1 Rd8 22. Qe3 Qe6 23. f4 Ne8 24. Nd5 Bxd5 25. cxd5 Bxd4 {Abdel Fatah,M-Talat,M Cairo 1998 1-0 (59)}) ({RR} 11. Be3 Qd8 12. h3 Nd7 13. Qd2 Nc5 14. Rad1 Bf5 15. Nd4 Nxd4 16. Bxd4 Bxd4 17. Qxd4 Bd7 18. e4 Ne6 19. Qe3 a4 20. e5 axb3 21. axb3 Ra3 22. exd6 exd6 23. Ne4 b5 24. Nxd6 Qg5 25. Qc3 Nc5 {Wohl,A (2360)-Abdullah,M (2230) Jakarta 1993 1-0}) ({RR} 11. Rb1 Bf5 12. e4 Bg4 13. Qe1 Nb4 14. Qd2 Rfc8 15. Na4 Qc7 16. Nxb4 axb4 17. Re1 Bd7 18. Qxb4 Bxa4 19. bxa4 Qxc4 20. Qxc4 Rxc4 21. Rxb7 Rac8 22. Bg5 h6 23. Bxf6 Bxf6 24. e5 dxe5 25. Ra7 Rc2 {Braun,H (2091)-Eckstein,B (2175) Schney 1993 1-0 (41)}) 11... Nd7 12. Be3 Nc5 13. Qd2 Bf5 14. Rac1 Rfe8 15. Na3 Red8 16. Nd5 Qa7 17. Nb5 Qb8 18. Ndc7 Ne4 19. Qd1 g5 20. Nxa8 Qxa8 21. Nd4 Nxd4 22. Bxd4 Bf8 23. Qd3 d5 24. cxd5 1-0

[Event "45th FIDE Chess Olympiad Open"]
[Site "Budapest, Hungary"]
[Date "2024.09.13"]
[Round "3.209"]
[White "Xie, Felix"]
[Black "Mehrad, Ahmad Tamim"]
[Result "1-0"]
[WhiteElo "2320"]
[BlackElo "2015"]
[PlyCount "115"]
[EventDate "2024.??.??"]
[WhiteTeam "New Zealand"]
[BlackTeam "Afghanistan"]
[WhiteTeamCountry "NZL"]
[BlackTeamCountry "AFG"]
[WhiteClock "0:13:24"]
[BlackClock "0:00:47"]

1. Nf3 d5 2. e3 c5 3. b3 Nf6 4. Bb2 Nc6 5. Bb5 Bg4 6. h3 Bh5 7. g4 Bg6 8. Ne5 Qc7 9. Bxc6+ bxc6 10. d3 e6 11. Nd2 Nd7 ({RR} 11... Bd6 12. Ndf3 h6 13. Nxg6 fxg6 14. Qe2 O-O 15. O-O-O Nd7 16. e4 d4 17. Kb1 Bf4 18. e5 a5 19. a4 Rab8 20. Qe4 g5 21. h4 gxh4 22. Nxh4 Nxe5 23. Ng6 Nxg6 24. Qxg6 Rf6 25. Qe4 e5 26. Rdg1 {Yedidia,J (2361)-Thavandiran,S (2388) chess.com INT 2024 1-0 (35)}) 12. Nxg6 $146 ({RR} 12. Nxd7 Qxd7 13. f4 f6 14. Qf3 Rb8 15. O-O-O Bd6 16. e4 O-O 17. Rhg1 Qc7 18. Rdf1 Bf7 19. h4 Kh8 20. Qg3 e5 21. f5 c4 22. g5 Bg8 23. h5 cxb3 24. h6 Rb7 25. axb3 d4 26. Rg2 Qd7 {Jovanovic,N (2311)-Milosevic,Z (2259) Serbia 2007 1-0 (36)}) ({RR} 12. f4 f6 13. Nxg6 hxg6 14. Qf3 O-O-O 15. O-O-O Bd6 16. h4 Nb6 17. Rdf1 Rh7 18. g5 Qf7 19. Qg2 f5 20. Nf3 Rdh8 21. Be5 Bf8 22. Qd2 Rh5 23. Qa5 Qb7 24. Rh2 Nd7 25. c4 Qb6 26. Qc3 R8h7 {Raaste,E (2355)-Puranen,J (2300) Helsinki 1996 0-1 (60)}) ({RR} 12. Ndf3 f6 13. Nxg6 hxg6 14. Qe2 e5 15. O-O-O a5 16. a4 Bd6 17. h4 Nb6 18. Bc3 c4 19. dxc4 Ba3+ 20. Kb1 dxc4 21. Nd2 cxb3 22. cxb3 Nd5 23. Qd3 Qf7 24. Nc4 Be7 25. Bxa5 Rxa5 26. Nxa5 e4 {Kiasar,M (1862)-Mdinaradze,E (1871) Adelaide 2010 1-0 (57)}) 12... hxg6 13. f4 g5 14. Qf3 gxf4 15. exf4 Bd6 16. O-O Rh7 17. Kg2 O-O-O 18. f5 Rdh8 19. fxe6 fxe6 20. Rh1 Bf4 21. Qe2 e5 22. c4 g5 23. Rac1 Kb8 24. b4 cxb4 25. cxd5 c5 26. Rc2 Qd6 27. Ne4 Qxd5 28. Qf3 Nb6 29. Nxg5 Rd7 30. Qxd5 Rxd5 31. Ne6 Rc8 32. Re1 Rxd3 33. Bxe5+ Bxe5 34. Rxe5 c4 35. Rb5 b3 36. axb3 Rxb3 37. Nd4 Rd3 38. Nf3 c3 39. Rb4 Rc4 40. Rb3 Kc7 41. Ne5 Rd2+ 42. Rxd2 cxd2 43. Rd3 Re4 44. Nf3 Re2+ 45. Kg3 Nc4 46. Kf4 a5 47. g5 a4 48. g6 a3 49. g7 Re8 50. Nxd2 Nxd2 51. Rxa3 Ne4 52. h4 Nf6 53. Kg5 Ng8 54. h5 Re6 55. Ra8 Nf6 56. h6 Nh7+ 57. Kf5 Rf6+ 58. Ke5 1-0

[Event "45th FIDE Chess Olympiad Open"]
[Site "Budapest, Hungary"]
[Date "2024.09.13"]
[Round "3.210"]
[White "Haidary, Hameedullah"]
[Black "Middelburg, Tom"]
[Result "1/2-1/2"]
[WhiteElo "2192"]
[BlackElo "2355"]
[PlyCount "100"]
[EventDate "2024.??.??"]
[WhiteTeam "Afghanistan"]
[BlackTeam "New Zealand"]
[WhiteTeamCountry "AFG"]
[BlackTeamCountry "NZL"]
[WhiteClock "0:07:46"]
[BlackClock "0:13:28"]

1. e4 c6 2. Nc3 d5 3. Nf3 Nf6 4. exd5 cxd5 5. Bb5+ Bd7 6. Bxd7+ Nbxd7 7. d4 e6 8. O-O Rc8 $146 ({RR} 8... Bd6 9. Re1 O-O 10. Qd3 a6 11. Ne5 Qc7 12. f4 Rac8 13. Re3 b5 14. a3 Bxe5 15. fxe5 Ne4 16. Rh3 f5 17. Qe2 Rf7 18. Be3 Nxc3 19. bxc3 Qxc3 20. Rf1 Nf8 21. Qh5 Rcc7 22. Bg5 Qxd4+ 23. Kh1 {Silvarajah,S (1381)-Lau,Y (1287) Penang MAS 2022 0-1}) ({RR} 8... Bd6 9. Re1 O-O 10. Ne5 a6 11. Bg5 Qc7 12. f4 Rac8 13. Re3 h6 14. Bh4 b5 15. a3 Be7 16. Bg3 Bd6 17. Qd2 Nb6 18. Bh4 Bxe5 19. fxe5 Nc4 20. Qe2 Nxe3 21. Qxe3 Nh7 22. Rf1 Qc4 23. Qf2 {Liu,L (1767)-Swicarz,M (2332) Chess.com INT 2022 0-1 (46)}) 9. Ne2 Qc7 10. c3 Bd6 11. g3 Nh5 12. Ne1 O-O 13. Nd3 Rfe8 14. Nef4 Nhf6 15. Ng2 e5 16. dxe5 Bxe5 17. Nxe5 Qxe5 18. Be3 Qf5 19. Bd4 Re4 20. Qd3 Ne5 21. Bxe5 Qxe5 22. Rad1 a6 23. Ne3 Rd8 24. Rfe1 Qe6 25. f3 Re5 26. Qd4 Re8 27. Ng2 Re2 28. Kf1 Rxe1+ 29. Rxe1 Qf5 30. Rxe8+ Nxe8 31. Qd1 Nf6 32. Ne3 Qe6 33. Kf2 h5 34. Qd4 Qh3 35. Nf1 Qf5 36. Qd1 h4 37. Kg2 h3+ 38. Kf2 Ng4+ 39. Ke2 Qe6+ 40. Kd2 Ne5 41. b3 Qf6 42. f4 Nc6 43. Qg4 Qd8 44. Qxh3 d4 45. cxd4 Qxd4+ 46. Ke2 Qe4+ 47. Kf2 Nb4 48. Qc8+ Kh7 49. Qh3+ Kg8 50. Qc8+ Kh7 1/2-1/2

[Event "45th FIDE Chess Olympiad Open"]
[Site "Budapest, Hungary"]
[Date "2024.09.13"]
[Round "3.211"]
[White "Renjith, Sravan"]
[Black "Kanz, Ahmad Safy"]
[Result "1/2-1/2"]
[WhiteElo "2325"]
[BlackElo "1977"]
[PlyCount "124"]
[EventDate "2024.??.??"]
[WhiteTeam "New Zealand"]
[BlackTeam "Afghanistan"]
[WhiteTeamCountry "NZL"]
[BlackTeamCountry "AFG"]
[WhiteClock "0:02:17"]
[BlackClock "0:41:30"]

1. d4 d5 2. c4 e6 3. Nc3 c5 4. cxd5 exd5 5. Nf3 Nf6 6. g3 Nc6 7. Bg2 Be7 8. O-O O-O 9. Bf4 c4 10. Ne5 Bf5 11. h3 h6 12. g4 Bh7 13. Rc1 Rc8 14. e3 $146 ({RR} 14. Be3 Bb4 15. f4 Bxc3 16. bxc3 Be4 17. Bf3 Bxf3 18. exf3 Nd7 19. Nxd7 Qxd7 20. f5 Rfe8 21. Qd2 f6 22. Bf4 Re7 23. Rfe1 Rce8 24. Bg3 Rxe1+ 25. Rxe1 Rxe1+ 26. Qxe1 Qe7 27. Kf2 Qxe1+ 28. Kxe1 b5 {Ditmas,H (1955)-Sander,R (2051) Lueneburg 2017 ½-½ (39)}) 14... Re8 15. Qf3 Nxe5 16. dxe5 Ne4 17. Rfd1 Nxc3 18. Rxc3 Be4 19. Qe2 Bxg2 20. Kxg2 Qa5 21. e4 dxe4 22. Rxc4 Qxa2 23. Rxe4 Qb3 24. Rd3 Qc2 25. Rd2 Qc6 26. f3 a5 27. Bg3 Bb4 28. Rd1 Rcd8 29. Red4 Rxd4 30. Rxd4 Rc8 31. Kf1 Qa4 32. Bf2 Rc1+ 33. Kg2 Qc6 34. Rd8+ Kh7 35. Qd3+ Qg6 36. Qd7 Rc2 37. Qxb7 Bc5 38. Qc8 Qe6 39. Qxc5 Rxc5 40. Bxc5 Qxe5 41. Ba3 Qe2+ 42. Kg3 g5 43. Rd5 Kg7 44. Bc5 Kh7 45. Rf5 Qxb2 46. Rxf7+ Kg6 47. Re7 a4 48. Re6+ Kf7 49. Re7+ Kf6 50. Re4 Qb5 51. Bb4 Qd3 52. Bc5 Qc2 53. Bb4 Qb3 54. Bc5 a3 55. Rb4 Qd3 56. Ra4 Qd7 57. Ra6+ Ke5 58. Rxa3 Qd2 59. Bf2 Kf6 60. Ra6+ Kg7 61. Ra7+ Kg6 62. Ra6+ Kg7 1/2-1/2

[Event "45th FIDE Chess Olympiad Open"]
[Site "Budapest, Hungary"]
[Date "2024.09.13"]
[Round "3.212"]
[White "Abdul Khaliq, Wais"]
[Black "Croad, Nicolas"]
[Result "0-1"]
[WhiteElo "1968"]
[BlackElo "2195"]
[PlyCount "76"]
[EventDate "2024.??.??"]
[WhiteTeam "Afghanistan"]
[BlackTeam "New Zealand"]
[WhiteTeamCountry "AFG"]
[BlackTeamCountry "NZL"]
[WhiteClock "0:02:08"]
[BlackClock "0:17:42"]

1. d4 Nf6 2. c4 e6 3. Nc3 Bb4 4. Qc2 O-O 5. a3 Bxc3+ 6. Qxc3 d6 7. Bg5 Nbd7 8. e3 h6 9. Bh4 b6 10. Bd3 Bb7 11. f3 c5 12. Ne2 d5 ({RR} 12... cxd4 13. exd4 Rc8 14. Qb4 Ba6 15. Qa4 Nb8 16. b3 d5 17. O-O Qd7 18. Qxd7 Nfxd7 19. Rac1 Nc6 20. cxd5 Bxd3 21. dxc6 Nb8 22. c7 Na6 23. Kf2 Bxe2 24. Kxe2 Nxc7 25. Kd3 Nd5 26. Rc4 f6 27. Bg3 {Turov,M (2586)-Romanov,E (2647) Norway 2015 ½-½ (40)}) ({RR} 12... cxd4 13. Qxd4 Nc5 14. Bc2 e5 15. Qc3 Rc8 16. Rc1 Ba6 17. Qb4 Qe7 18. e4 g5 19. Bf2 Nh5 20. O-O Nf4 21. Nxf4 gxf4 22. Qc3 Ne6 23. Bd3 Rc6 24. Qd2 Rfc8 25. b3 Kh8 26. Rc3 b5 27. Rfc1 {Katsanis,V (2133)-Kovalevsky,S (2163) Krakow POL 2024 ½-½ (67)}) 13. Rc1 cxd4 $146 ({RR} 13... Rc8 14. Qd2 cxd4 15. exd4 dxc4 16. Bxc4 Ne4 17. Qf4 g5 18. fxe4 gxf4 19. Bxd8 Rfxd8 20. O-O Bxe4 {½-½ (20) Almond,R (2113)-Adams,P (2124) Port Erin 2004}) 14. exd4 dxc4 15. Bxc4 Rc8 16. Qe3 Ng4 17. fxg4 Qxh4+ 18. g3 Qxg4 19. O-O Nf6 20. Nf4 Rfe8 21. Be2 Qg5 22. h4 Nd5 23. Rxc8 Rxc8 24. Qb3 Qf6 25. Qa4 Nxf4 26. Rxf4 Qg6 27. Qb3 Qc2 28. Qxc2 Rxc2 29. Bf1 Rxb2 30. a4 Bd5 31. g4 g5 32. hxg5 hxg5 33. Rf2 Rxf2 34. Kxf2 a5 35. Bb5 Kf8 36. Ke3 Ke7 37. Bd3 Bb3 38. Bb5 Bd1 0-1

[Event "45th FIDE Chess Olympiad Open"]
[Site "Budapest, Hungary"]
[Date "2024.09.13"]
[Round "3.213"]
[White "Paiva, Donaldo"]
[Black "Kozusek, Daniel"]
[Result "0-1"]
[WhiteElo "2139"]
[BlackElo "2367"]
[PlyCount "156"]
[EventDate "2024.??.??"]
[WhiteTeam "Mozambique"]
[BlackTeam "Wales"]
[WhiteTeamCountry "MOZ"]
[BlackTeamCountry "WLS"]
[WhiteClock "0:06:35"]
[BlackClock "0:03:17"]

1. d4 d5 2. Nc3 Nf6 3. Bf4 c5 4. e3 Bg4 5. f3 Bd7 6. Nb5 Bxb5 7. Bxb5+ Nc6 8. c3 e6 9. Ne2 Bd6 $146 ({RR} 9... Rc8 10. O-O Bd6 11. Be5 O-O 12. f4 Ng4 13. Rf3 Bxe5 14. fxe5 Qh4 15. Bd3 Qxh2+ 16. Kf1 Qh1+ 17. Ng1 Nh2+ 18. Kf2 Nxf3 19. Qxf3 f6 20. Nh3 Qxa1 21. Qh5 fxe5+ 22. Kg3 e4 23. Ng5 h6 24. Qg6 {Silvederio,J (2006)-Aradhya,G (2385) chess.com INT 2024 0-1 (31)}) ({RR} 9... Be7 10. O-O O-O 11. Bd3 Nh5 12. Qe1 a6 13. a4 c4 14. Bc2 b5 15. e4 Nxf4 16. Nxf4 Bg5 17. Nh3 b4 18. f4 Bh4 19. Qe2 Rb8 20. f5 exf5 21. Rxf5 dxe4 22. Qxe4 g6 23. Rf4 Bg5 24. Rg4 {Zlatin,A (2324)-Jaracz,P (2467) Chess.com INT 2022 0-1 (37)}) 10. Qa4 Qd7 11. Be5 O-O 12. Nf4 cxd4 13. exd4 Qc7 14. Bxd6 Qxd6 15. Nd3 Ne7 16. Qb4 Qc7 17. Qc5 Qd8 18. O-O Nf5 19. Ne5 Nd6 20. Bd3 Qe7 21. Rae1 Rfc8 22. Qa3 Rc7 23. Qb3 Rac8 24. Re2 g6 25. g4 b5 26. Kh1 Nc4 27. Qxb5 Nxe5 28. dxe5 Nd7 29. Qb4 Nc5 30. Bb1 Qg5 31. Qd4 Nd7 32. Bd3 Nc5 33. Bb1 Nd7 34. Qf2 Qf4 35. Qg3 Qc4 36. Rff2 d4 37. Re4 Qb5 38. Rxd4 Nxe5 39. Be4 Nd7 40. Rfd2 Nb6 41. Qf2 Qg5 42. Rd1 Kg7 43. Qd2 Qa5 44. Bb1 Qb5 45. Rb4 Qa5 46. Qe2 Qg5 47. Rb5 Rc5 48. Rxc5 Rxc5 49. Be4 h5 50. gxh5 Qxh5 51. Qe3 Rc8 52. Rg1 Rh8 53. Qf2 Rd8 54. b3 Nd5 55. Qd4+ e5 56. Qd2 Nf6 57. Qg5 Qxg5 58. Rxg5 Rd1+ 59. Rg1 Nxe4 60. fxe4 Rd2 61. Rg2 Rd1+ 62. Rg1 Rd2 63. a4 Re2 64. Rg4 Re3 65. Rg3 Rxe4 66. c4 Re1+ 67. Kg2 Rc1 68. Kf2 Rc2+ 69. Ke3 f5 70. Kd3 Rxh2 71. b4 Ra2 72. Re3 Ra3+ 73. Kd2 Rxe3 74. Kxe3 Kf6 75. b5 Ke6 76. a5 Kd6 77. Kd3 Kc5 78. b6 axb6 0-1

[Event "45th FIDE Chess Olympiad Open"]
[Site "Budapest, Hungary"]
[Date "2024.09.13"]
[Round "3.214"]
[White "Toczek, Grzegorz"]
[Black "Andrade, Ivan"]
[Result "0-1"]
[WhiteElo "2301"]
[BlackElo "2132"]
[PlyCount "106"]
[EventDate "2024.??.??"]
[WhiteTeam "Wales"]
[BlackTeam "Mozambique"]
[WhiteTeamCountry "WLS"]
[BlackTeamCountry "MOZ"]
[WhiteClock "0:31:53"]
[BlackClock "0:20:15"]

1. d4 Nf6 2. Nf3 e6 3. Bg5 h6 4. Bh4 d6 5. Nbd2 g5 6. Bg3 Nh5 7. e4 Bg7 8. c3 Nd7 ({RR} 8... f5 9. h3 Nxg3 10. fxg3 d5 11. exf5 exf5 12. Bd3 Qe7+ 13. Kf2 O-O 14. Re1 Qd6 15. Ne5 Nc6 16. Nxc6 bxc6 17. Qf3 c5 18. dxc5 Qxc5+ 19. Kf1 Rb8 20. Nb3 Qd6 21. Qf2 f4 22. g4 h5 23. gxh5 {Matlakov,M (2685)-Andreikin,D (2726) Chess.com INT 2020 0-1 (58)}) 9. Bc4 ({RR} 9. Nc4 Nb6 10. Ne3 Nd7 11. Nd2 Nxg3 12. hxg3 a6 13. Bd3 b5 14. a4 bxa4 15. f4 c5 16. Ndc4 O-O 17. e5 cxd4 18. cxd4 dxe5 19. fxe5 Rb8 20. Bc2 Nb6 21. Qd3 f5 22. exf6 Rxf6 23. Ne5 Nd5 {Ivanisevic,I (2520)-Kunal,M (2250) chess.com INT 2024 1-0 (73)}) 9... a6 10. a4 b6 11. Nf1 $146 ({RR} 11. Qb3 Qe7 12. O-O-O O-O 13. Nf1 Bb7 14. Bd3 c5 15. h4 g4 16. N3h2 cxd4 17. cxd4 Ndf6 18. f3 gxf3 19. gxf3 b5 20. a5 Nxg3 21. Nxg3 Qc7+ 22. Kb1 Qxa5 23. Rhg1 Kh8 24. d5 Nd7 25. Nh5 Nc5 {Nagibin,G (2402)-Bocharov,D (2558) Minsk 2015 0-1}) 11... Bb7 12. N3d2 Nxg3 13. Nxg3 Rg8 14. O-O c5 15. d5 exd5 16. Bxd5 Bxd5 17. exd5 Be5 18. Nc4 Qf6 19. Re1 Kd8 20. Nxe5 Nxe5 21. b4 Re8 22. bxc5 bxc5 23. Rb1 Kc7 24. Qe2 g4 25. Qd2 Qg6 26. c4 a5 27. Rb5 Qd3 28. Qxd3 Nxd3 29. Rxe8 Rxe8 30. Rxa5 Re1+ 31. Nf1 Ne5 32. g3 Nxc4 33. Ra7+ Kb8 34. Rd7 Nd2 35. Rxd6 Rxf1+ 36. Kg2 Rxf2+ 37. Kg1 Rf5 38. Rb6+ Ka7 39. Rxh6 Rxd5 40. Rf6 Nf3+ 41. Kf2 Ne5 42. Ke3 Rd7 43. Ke4 Re7 44. Kd5 c4 45. Kd4 Re6 46. Rf5 Ka6 47. Kc3 Ka5 48. h3 gxh3 49. Rh5 Kxa4 50. Rxh3 Kb5 51. Rh5 Kc5 52. Rf5 Kd5 53. Rf4 Rg6 0-1

[Event "45th FIDE Chess Olympiad Open"]
[Site "Budapest, Hungary"]
[Date "2024.09.13"]
[Round "3.215"]
[White "Jamal, Hamid Harmon Gulamo"]
[Black "Blackburn, Jonathan L B"]
[Result "0-1"]
[WhiteElo "1960"]
[BlackElo "2202"]
[PlyCount "80"]
[EventDate "2024.??.??"]
[WhiteTeam "Mozambique"]
[BlackTeam "Wales"]
[WhiteTeamCountry "MOZ"]
[BlackTeamCountry "WLS"]
[WhiteClock "0:31:31"]
[BlackClock "0:17:24"]

1. e4 e6 2. d3 d5 3. Nd2 Nf6 4. Ngf3 Be7 5. g3 a5 6. Bg2 a4 7. a3 c5 8. O-O Nc6 9. Re1 h6 10. Qe2 O-O 11. e5 Nh7 12. h4 f5 13. h5 $146 ({RR} 13. exf6 Nxf6 14. c3 Bd6 15. Nf1 e5 16. c4 Bg4 17. N1h2 Nd4 18. Qd1 Bh5 19. cxd5 Nxd5 20. g4 Nxf3+ 21. Bxf3 Bf7 22. g5 hxg5 23. Bxg5 Qd7 24. Be4 Nf6 25. Bxf6 gxf6 26. Qf3 Be6 27. Bg6 f5 {Pinero,C (2284)-Bluebaum,M (2649) chess.com INT 2024 0-1 (61)}) 13... Bd7 14. Kh2 Be8 15. Qf1 Bxh5 16. c4 d4 17. Ng1 Qc7 18. f4 Na5 19. Nh3 Ra6 20. Rb1 Rb6 21. Qf2 Nb3 22. Nf3 g5 23. Nhg1 Rf7 24. Ne2 Bxf3 25. Bxf3 g4 26. Bg2 Nf8 27. Rh1 Rh7 28. Qe1 h5 29. Bd2 Ra6 30. Nc1 Nxd2 31. Qxd2 h4 32. Kg1 Ng6 33. Ne2 Bd8 34. b4 axb3 35. Rxb3 Ra7 36. Qb2 h3 37. Bf1 Qc6 38. Kh2 Qf3 39. Nc1 Nxf4 40. Rg1 Qg2+ 0-1

[Event "45th FIDE Chess Olympiad Open"]
[Site "Budapest, Hungary"]
[Date "2024.09.13"]
[Round "3.216"]
[White "Bullen, Alex"]
[Black "Napoleao, Lourenco"]
[Result "1-0"]
[WhiteElo "2155"]
[BlackElo "1913"]
[PlyCount "95"]
[EventDate "2024.??.??"]
[WhiteTeam "Wales"]
[BlackTeam "Mozambique"]
[WhiteTeamCountry "WLS"]
[BlackTeamCountry "MOZ"]
[WhiteClock "0:18:49"]
[BlackClock "0:03:38"]

1. Nf3 d5 2. e3 Nf6 3. c4 c6 4. Nc3 Nbd7 5. Qc2 e6 6. b3 Bd6 7. Bb2 O-O 8. Be2 Qe7 9. h3 ({RR} 9. O-O e5 10. cxd5 Nxd5 11. Ne4 Bc7 12. Ng3 N7f6 13. a3 a5 14. d4 exd4 15. Nxd4 g6 16. Nf3 Re8 17. Bc4 Bg4 18. Rae1 Rad8 19. e4 Nf4 20. Ng5 Ne6 21. Bxe6 Bxe6 22. Qc3 Kg7 23. Nf5+ gxf5 {Keymer,V (2690)-Duda,J (2732) chess.com INT 2023 0-1 (54)}) 9... Re8 $146 ({RR} 9... e5 10. cxd5 Nxd5 11. Ne4 Ba3 12. Bxa3 Qxa3 13. Ng3 Re8 14. O-O N7f6 15. Bc4 Qd6 16. Bxd5 Qxd5 17. d4 e4 18. Ne5 Be6 19. Rac1 Rac8 20. Nc4 Qd7 21. Ne5 Qd5 22. Qb2 Qd8 23. b4 Bd5 24. a4 {Nguyen,V (2426)-Hj,A (2049) Bandar Seri Begawan 2010 1-0 (74)}) ({RR} 9... e5 10. d4 e4 11. Nd2 a6 12. g4 Bb4 13. a3 Bxc3 14. Bxc3 a5 15. b4 b6 16. bxa5 bxa5 17. Qa4 Qe6 18. Rb1 dxc4 19. Qc2 Nd5 20. Nxe4 Re8 21. Ng3 Qd6 22. Bd2 Ba6 23. Nf5 Qxa3 24. Bxc4 {Gorshtein,I (2563)-Garcia Ramos,D (2405) Benasque ESP 2024 ½-½ (65)}) ({RR} 9... Ba3 10. d4 Bxb2 11. Qxb2 dxc4 12. Bxc4 e5 13. O-O exd4 14. Nxd4 Nb6 15. Be2 Rd8 16. Rfd1 a5 17. Bf3 Bd7 18. Nce2 Qe5 19. Rab1 Nfd5 20. Ng3 a4 21. Qc2 axb3 22. axb3 g6 23. Nge2 Rac8 24. b4 {Keymer,V (2591)-Pultinevicius,P (2492) Chess.com INT 2021 ½-½ (80)}) 10. g4 Nf8 11. g5 N6d7 12. h4 dxc4 13. bxc4 e5 14. Ne4 Ba3 15. Rg1 Bxb2 16. Qxb2 f5 17. gxf6 Nxf6 18. Nxf6+ Qxf6 19. Rg5 Ng6 20. h5 e4 21. Qxf6 gxf6 22. Rg3 exf3 23. Bd3 Kg7 24. hxg6 h6 25. Rxf3 Rd8 26. Bc2 Be6 27. Rf4 b6 28. O-O-O b5 29. cxb5 cxb5 30. Kb2 Rac8 31. Bb1 Rd6 32. d4 Rc4 33. Rc1 Rb4+ 34. Ka1 Bc4 35. Re4 Rd7 36. Rh4 Rd8 37. Re4 Rd7 38. Rh4 Rd8 39. Rch1 Rh8 40. Rh5 Be6 41. Bd3 a6 42. Rc5 Rd8 43. Rc7+ Rd7 44. Rxd7+ Bxd7 45. Rc1 Bg4 46. Rc7+ Kg8 47. Re7 a5 48. Be4 1-0